000
00275nam a2200097Ia 4500
082
_a
EKF TOUR
245
0
_a
Manners in the lunchroom
100
_a
TOURVILLE, Amanda Doering Minneapolis, Minn., 2009
_9
27776
942
_c
BK
008
210817s9999 xx 000 0 und d
999
_c
252931
_d
252930